Proyecto Formulación de políticas para del acceso y aprovechamiento de los recursos genéticos en Colombia invertebrados terrestres y macroinvertebrados acuaticos (Registro nro. 7752)

Detalles MARC
000 -CABECERA
Campo de control 01048nam a22001937a 4500
005 - FECHA Y HORA DE LA ULTIMA TRANSACCION
Campo de control 20140217155918.0
008 - ELEMENTOS DE LONGITUD FIJA—INFORMACION GENERAL
Campo de control 131108b2003 ck ||||| |||| 00| 0 spa d
041 ## - IDIOMA
Código de idioma para texto/pista de sonido o título separado Español
044 ## - PAÍS DE PUBLICACIÓN
País de publicación Colombia
090 ## - CLASIFICACIÓN LOCAL
Colección IAVH
Consecutivo 01448
100 ## - ASIENTO PRINCIPAL--NOMBRE PERSONAL
Nombre personal Tavera-Sandra
245 ## - MENCION DE TITULO
Título Proyecto Formulación de políticas para del acceso y aprovechamiento de los recursos genéticos en Colombia invertebrados terrestres y macroinvertebrados acuaticos
Parte restante del título Informe final
260 ## - PUBLICACION, DISTRIBUCION, ETC. (PIE DE IMPRENTA)
Lugar de publicación, distribución, etc. Bogota
Nombre del editor, distribuidor, etc. Instituto de Investigación de Recursos Biológicos Alexander von Humboldt
Fecha de publicación, distribución, etc. 2003
300 ## - DESCRIPCION FISICA
Extensión 81 p.
520 ## - NOTA DE RESUMEN, ETC.
Nota de resumen Elaboración del diagnostico sobre el estado del arte,capacidad científica y tecnica a nivel nacional en el área de investigación,uso (actual y potencial) y conservación en invertebrados terrestres,mediante el análisis e identificación de los diferentes grupos y áreas de la biologia que hacen uso de este tipo de recurso.
650 ## - ASIENTO SECUNDARIO DE MATERIA - TERMINO TEMATICO
Término temático o nombre geográfico como elemento de entrada Invertebrados terrestres
650 ## - ASIENTO SECUNDARIO DE MATERIA - TERMINO TEMATICO
Término temático o nombre geográfico como elemento de entrada Macroinvertebrados acuaticos
Subdivisión geográfica Colombia
942 ## - ELEMENTOS ADICIONALES (KOHA)
Sistema de clasificación Local
Tipo de ítem Impreso
Existencias
Withdrawn status Lost status Sistema de Clasificación Damaged status No para préstamo Colección Inventariado Ubicación Permanente Ubicación actual Fecha de adquisición Total Checkouts Número topográfico Inventario / Código de Barras Date last seen Ejemplar Price effective from Forma de adquisición Tipo de material
    Local     Humboldt Inventariado 2017 Bogotá Bogotá 08/11/2013   IAVH-01448 059225 09/08/2024 Ej. 1 08/11/2013   Informe Técnico